|
|
|
|
| LEADER |
00000nam a2200000 a 4500 |
| 001 |
vtls001136167 |
| 003 |
SK-MaSNL |
| 005 |
20260301063015.0 |
| 008 |
250414s1992 CS 0 cze |
| 020 |
|
|
|a 8020402918
|
| 035 |
|
|
|a SNK000079020
|
| 040 |
|
|
|a SNK
|b slo
|c SNK
|e AACR2
|
| 041 |
0 |
|
|a cze
|
| 044 |
|
|
|a [CS]
|
| 080 |
|
|
|a 081 Komenský, J. A.
|2 1981
|
| 100 |
1 |
|
|a Komenský, Jan Amos,
|d 1592-1670
|4 aut
|9 10137
|
| 245 |
1 |
0 |
|a Cesta světla
|c Jan Amos Komenský ; přel. Jaromír Kopecký ; Ilustr. Pavel Nešleha
|
| 250 |
|
|
|a 2. vyd. (v MF 1.)
|
| 260 |
|
|
|a Praha
|b Mladá fronta
|c 1992
|
| 300 |
|
|
|a 226, [3] s.
|c 19 cm
|
| 700 |
1 |
|
|a Kopecký, Jaromír,
|d 1914-
|4 trl
|9 61522
|
| 700 |
1 |
|
|a Nešleha, Pavel,
|d 1937-2003
|4 ill
|9 100457
|
| 852 |
|
|
|a Slovenská národná knižnica
|
| 919 |
|
|
|a 80-204-0291-8
|
| 954 |
|
|
|a Komenský, Jan Amos
|
| 968 |
|
|
|d Z lat. orig.
|
| 999 |
|
|
|c 622613
|d 624543
|
| 952 |
|
|
|t P60, <04>, [BOOK], {604}
|a SNK
|b SNK
|y VYP
|7 0
|p 17A0025932
|o snkID 93677
|0 0
|1 0
|4 0
|d 1996-12-09
|l 0
|r 2005-01-01 00:00:00
|w 2026-02-23
|